| 000 | 00820nam a2200253Ia 4500 | ||
|---|---|---|---|
| 003 | OSt | ||
| 005 | 20220925204812.0 | ||
| 006 | a|||||r|||| 00| 0 | ||
| 007 | ta | ||
| 008 | 220923b |||||||| |||| 00| 0 eng d | ||
| 020 |
_a8188789216 _c488.75 |
||
| 037 |
_bDU0121, 28/03/2008, INDEPENDENT PUBLISHERS GROUP _cGeneral Book |
||
| 040 |
_aRTL _cRTL _beng |
||
| 041 |
_2eng _aeng |
||
| 082 | _aX0aW.2.P, P5 | ||
| 100 | _aHarriss-White Barbara | ||
| 245 | 0 | _aIndia's market society three essays in political economy | |
| 260 |
_aGurgon _bThree Essays _c2005 |
||
| 300 |
_axiii, 233p _ccm. |
||
| 490 | _aThree Essays Collective | ||
| 650 | _aSociology | ||
| 942 |
_hX0aW.2.P, P5 _cGB _2CC |
||
| 999 |
_c550458 _d550458 |
||